[Event "WCO 2016"]
[Site "?"]
[Date "2016.09.11"]
[Round "9"]
[Board "14"]
[WhiteID "5201381"]
[White "Gomez John Paul"]
[BlackID "117927"]
[Black "Perez Ponsa Federico"]
[Result "0-1"]
[BlackElo "2585"]
[WhiteElo "2492"]
[LiveChessVersion "1.4.8"]

1. c4 {[%clk 1:30:48]} Nf6 {[%clk 1:30:36]} 2. Nc3 {[%clk 1:30:51]} g6
{[%clk 1:30:38]} 3. e4 {[%clk 1:30:07]} d6 {[%clk 1:31:03]} 4. g3
{[%clk 1:28:54]} Bg7 {[%clk 1:30:41]} 5. Bg2 {[%clk 1:29:05]} c5 {[%clk 1:30:33]}
6. Nge2 {[%clk 1:28:59]} Nc6 {[%clk 1:30:44]} 7. O-O {[%clk 1:29:09]} O-O
{[%clk 1:29:06]} 8. d3 {[%clk 1:29:25]} a6 {[%clk 1:29:21]} 9. Rb1
{[%clk 1:28:17]} Rb8 {[%clk 1:26:20]} 10. h3 {[%clk 1:25:34]} b5 {[%clk 1:22:56]}
11. b3 {[%clk 1:23:52]} e6 {[%clk 1:09:35]} 12. f4 {[%clk 1:19:06]} b4
{[%clk 1:05:36]} 13. Na4 {[%clk 1:18:08]} e5 {[%clk 1:02:21]} 14. f5
{[%clk 1:17:07]} Nd4 {[%clk 0:50:15]} 15. g4 {[%clk 1:09:52]} Ne8
{[%clk 0:41:26]} 16. Rb2 {[%clk 1:08:56]} Bd7 {[%clk 0:34:27]} 17. Be3
{[%clk 1:07:48]} Bf6 {[%clk 0:32:44]} 18. Qc1 {[%clk 1:04:09]} Bh4
{[%clk 0:23:03]} 19. Nxd4 {[%clk 0:58:29]} cxd4 {[%clk 0:22:50]} 20. Bh6
{[%clk 0:58:43]} Ng7 {[%clk 0:21:43]} 21. c5 {[%clk 0:53:52]} Rc8
{[%clk 0:20:52]} 22. Rc2 {[%clk 0:52:18]} Bb5 {[%clk 0:19:35]} 23. Rf3
{[%clk 0:38:36]} dxc5 {[%clk 0:14:26]} 24. Rxc5 {[%clk 0:34:51]} Re8
{[%clk 0:13:48]} 25. Nb6 {[%clk 0:25:04]} Rxc5 {[%clk 0:12:52]} 26. Qxc5
{[%clk 0:25:26]} Be7 {[%clk 0:13:13]} 27. Qxe5 {[%clk 0:05:38]} Bf8
{[%clk 0:13:36]} 28. Qd5 {[%clk 0:05:44]} Qxb6 {[%clk 0:13:42]} 29. Bg5
{[%clk 0:05:53]} Qc5 {[%clk 0:06:35]} 30. fxg6 {[%clk 0:05:24]} Qxd5
{[%clk 0:07:00]} 31. gxh7+ {[%clk 0:05:41]} Kxh7 {[%clk 0:07:28]} 32. exd5
{[%clk 0:06:02]} Kg8 {[%clk 0:07:17]} 33. Bf6 {[%clk 0:03:57]} Re1+
{[%clk 0:06:24]} 34. Bf1 {[%clk 0:03:15]} Bc5 {[%clk 0:06:33]} 35. Kg2
{[%clk 0:02:56]} Ne8 {[%clk 0:06:46]} 36. Bh4 {[%clk 0:03:06]} Ra1
{[%clk 0:05:00]} 37. Rf2 {[%clk 0:03:24]} Nc7 {[%clk 0:04:54]} 0-1

[Event "WCO 2016"]
[Site "?"]
[Date "2016.09.11"]
[Round "9"]
[Board "15"]
[WhiteID "108049"]
[White "Flores Diego"]
[BlackID "5200016"]
[Black "Torre Eugenio"]
[Result "0-1"]
[BlackElo "2447"]
[WhiteElo "2595"]
[LiveChessVersion "1.4.8"]

1. d4 {[%clk 1:30:38]} d5 {[%clk 1:29:10]} 2. c4 {[%clk 1:30:58]} c6
{[%clk 1:29:00]} 3. Nf3 {[%clk 1:31:18]} Nf6 {[%clk 1:29:18]} 4. Nc3
{[%clk 1:31:32]} dxc4 {[%clk 1:28:59]} 5. a4 {[%clk 1:31:56]} Bf5
{[%clk 1:27:20]} 6. e3 {[%clk 1:32:22]} e6 {[%clk 1:27:40]} 7. Bxc4
{[%clk 1:32:41]} Bb4 {[%clk 1:27:11]} 8. O-O {[%clk 1:32:52]} O-O
{[%clk 1:27:10]} 9. Nh4 {[%clk 1:32:57]} Bg4 {[%clk 1:26:17]} 10. f3
{[%clk 1:32:39]} Bh5 {[%clk 1:26:35]} 11. g4 {[%clk 1:30:21]} Nd5
{[%clk 1:23:31]} 12. Ng2 {[%clk 1:24:27]} Bg6 {[%clk 1:23:40]} 13. Na2
{[%clk 1:11:44]} Be7 {[%clk 1:22:56]} 14. e4 {[%clk 1:07:53]} Nb6
{[%clk 1:23:12]} 15. Bb3 {[%clk 1:06:51]} a5 {[%clk 1:21:26]} 16. Be3
{[%clk 1:05:41]} c5 {[%clk 1:07:42]} 17. dxc5 {[%clk 0:59:41]} N6d7
{[%clk 1:07:54]} 18. Rc1 {[%clk 0:59:06]} Na6 {[%clk 0:55:34]} 19. c6
{[%clk 0:21:25]} bxc6 {[%clk 0:54:16]} 20. Rxc6 {[%clk 0:19:52]} Nac5
{[%clk 0:39:55]} 21. Nc3 {[%clk 0:19:18]} Nxb3 {[%clk 0:29:35]} 22. Qxb3
{[%clk 0:19:46]} Ne5 {[%clk 0:29:08]} 23. Rb6 {[%clk 0:18:56]} Qc8
{[%clk 0:22:33]} 24. Qb5 {[%clk 0:18:27]} f6 {[%clk 0:22:44]} 25. Nf4
{[%clk 0:15:06]} Be8 {[%clk 0:19:17]} 26. Qb3 {[%clk 0:15:05]} Bf7
{[%clk 0:18:28]} 27. Qb5 {[%clk 0:02:17]} Rd8 {[%clk 0:14:00]} 28. Rb7
{[%clk 0:01:56]} Bb4 {[%clk 0:13:34]} 29. Rc1 {[%clk 0:01:21]} Nxf3+
{[%clk 0:04:40]} 30. Kg2 {[%clk 0:01:17]} Nd4 {[%clk 0:04:53]} 31. Bxd4
{[%clk 0:01:16]} e5 {[%clk 0:05:13]} 32. Rxf7 {[%clk 0:00:37]} Kxf7
{[%clk 0:04:59]} 33. Nce2 {[%clk 0:00:33]} Qxg4+ {[%clk 0:04:44]} 34. Kf2
{[%clk 0:01:03]} exf4 {[%clk 0:04:03]} 35. Qb7+ {[%clk 0:00:39]} Kg8
{[%clk 0:03:42]} 36. Bxf6 {[%clk 0:01:07]} gxf6 {[%clk 0:03:17]} 37. Rc7
{[%clk 0:01:29]} Rac8 {[%clk 0:02:17]} 38. Rxh7 {[%clk 0:01:44]} Bc5+
{[%clk 0:02:00]} 39. Ke1 {[%clk 0:02:13]} Bb4+ {[%clk 0:02:11]} 40. Kf2
{[%clk 0:32:36]} Qg6 {[%clk 0:32:10]} 41. Rd7 {[%clk 0:32:43]} Qg5
{[%clk 0:28:58]} 42. e5 {[%clk 0:32:17]} Qh4+ {[%clk 0:28:58]} 0-1

[Event "WCO 2016"]
[Site "?"]
[Date "2016.09.11"]
[Round "9"]
[Board "16"]
[WhiteID "5206995"]
[White "Bersamina Paulo"]
[BlackID "110973"]
[Black "Pichot Alan"]
[Result "0-1"]
[BlackElo "2536"]
[WhiteElo "2408"]
[LiveChessVersion "1.4.8"]

1. d4 {[%clk 1:30:58]} Nf6 {[%clk 1:30:46]} 2. c4 {[%clk 1:31:18]} g6
{[%clk 1:30:49]} 3. Nc3 {[%clk 1:31:43]} Bg7 {[%clk 1:31:14]} 4. e4
{[%clk 1:32:10]} d6 {[%clk 1:31:37]} 5. f3 {[%clk 1:32:38]} O-O {[%clk 1:31:08]}
6. Be3 {[%clk 1:33:04]} c5 {[%clk 1:30:45]} 7. Nge2 {[%clk 1:33:29]} Nc6
{[%clk 1:31:00]} 8. d5 {[%clk 1:33:55]} Ne5 {[%clk 1:31:22]} 9. Ng3
{[%clk 1:34:22]} h5 {[%clk 1:31:09]} 10. Be2 {[%clk 1:34:48]} h4 {[%clk 1:31:25]}
11. Nf1 {[%clk 1:35:13]} e6 {[%clk 1:31:51]} 12. f4 {[%clk 1:35:02]} Nxc4
{[%clk 1:32:16]} 13. Bxc4 {[%clk 1:33:39]} b5 {[%clk 1:32:41]} 14. Bxb5
{[%clk 1:20:43]} exd5 {[%clk 1:33:03]} 15. exd5 {[%clk 1:16:10]} Rb8
{[%clk 1:28:59]} 16. h3 {[%clk 0:43:41]} Nh5 {[%clk 1:17:33]} 17. Be2
{[%clk 0:25:38]} Rxb2 {[%clk 1:17:55]} 18. Rc1 {[%clk 0:25:57]} Re8
{[%clk 0:57:15]} 19. Kf2 {[%clk 0:10:00]} Ng3 {[%clk 0:49:23]} 20. Nxg3
{[%clk 0:08:57]} hxg3+ {[%clk 0:49:47]} 21. Kf3 {[%clk 0:09:23]} Qh4
{[%clk 0:49:36]} 22. Qg1 {[%clk 0:07:51]} Bf5 {[%clk 0:48:06]} 23. Bb5
{[%clk 0:03:57]} Re7 {[%clk 0:46:56]} 24. Bxc5 {[%clk 0:03:49]} dxc5
{[%clk 0:46:52]} 25. d6 {[%clk 0:04:14]} g5 {[%clk 0:44:27]} 26. fxg5
{[%clk 0:03:56]} Be4+ {[%clk 0:44:41]} 27. Nxe4 {[%clk 0:03:45]} Qxe4+
{[%clk 0:45:01]} 28. Kxg3 {[%clk 0:04:13]} Be5# 0-1

[Event "WCO 2016"]
[Site "?"]
[Date "2016.09.11"]
[Round "9"]
[Board "17"]
[WhiteID "4500024"]
[White "Ladva Ottomar"]
[BlackID "14900017"]
[Black "Ftacnik Lubomir"]
[Result "1/2-1/2"]
[BlackElo "2548"]
[WhiteElo "2501"]
[LiveChessVersion "1.4.8"]

1. Nf3 {[%clk 1:30:57]} Nf6 {[%clk 1:30:50]} 2. c4 {[%clk 1:31:17]} c5
{[%clk 1:31:12]} 3. Nc3 {[%clk 1:31:35]} e6 {[%clk 1:31:32]} 4. g3
{[%clk 1:31:44]} b6 {[%clk 1:31:55]} 5. Bg2 {[%clk 1:32:08]} Bb7 {[%clk 1:32:19]}
6. O-O {[%clk 1:32:11]} Be7 {[%clk 1:32:38]} 7. d4 {[%clk 1:32:15]} cxd4
{[%clk 1:32:58]} 8. Qxd4 {[%clk 1:32:42]} d6 {[%clk 1:33:04]} 9. Bg5
{[%clk 1:32:48]} a6 {[%clk 1:33:21]} 10. Bxf6 {[%clk 1:32:56]} Bxf6
{[%clk 1:33:39]} 11. Qf4 {[%clk 1:33:22]} Bxf3 {[%clk 1:32:44]} 12. exf3
{[%clk 1:33:47]} Ra7 {[%clk 1:29:48]} 13. Rad1 {[%clk 1:34:05]} Rd7
{[%clk 1:29:53]} 14. Qe3 {[%clk 1:33:58]} O-O {[%clk 1:26:15]} 15. f4
{[%clk 1:33:56]} g6 {[%clk 1:19:35]} 16. Ne4 {[%clk 1:29:24]} Bg7
{[%clk 1:12:06]} 17. h4 {[%clk 1:29:06]} b5 {[%clk 1:07:22]} 18. b3
{[%clk 1:29:19]} bxc4 {[%clk 0:52:10]} 19. bxc4 {[%clk 1:29:46]} Qc7
{[%clk 0:51:56]} 20. h5 {[%clk 1:28:48]} Qxc4 {[%clk 0:38:51]} 21. h6
{[%clk 1:26:24]} Bh8 {[%clk 0:38:25]} 22. Nxd6 {[%clk 1:19:39]} Qxa2
{[%clk 0:36:03]} 23. f5 {[%clk 1:09:27]} Rfd8 {[%clk 0:28:05]} 24. Rd2
{[%clk 1:02:36]} Qxd2 {[%clk 0:28:25]} 25. Qxd2 {[%clk 1:02:58]} Rxd6
{[%clk 0:28:50]} 26. Qf4 {[%clk 0:50:53]} Rd4 {[%clk 0:18:00]} 27. Qg5
{[%clk 0:47:07]} exf5 {[%clk 0:17:35]} 28. Rc1 {[%clk 0:39:00]} Rf8
{[%clk 0:16:26]} 29. Bh3 {[%clk 0:34:00]} Nd7 {[%clk 0:14:03]} 30. Qe3
{[%clk 0:32:56]} Ne5 {[%clk 0:12:39]} 31. Qa3 {[%clk 0:31:23]} Rd2
{[%clk 0:11:47]} 32. Qxa6 {[%clk 0:25:33]} Nf3+ {[%clk 0:09:36]} 33. Kh1
{[%clk 0:25:28]} Ng5 {[%clk 0:08:06]} 34. Bg2 {[%clk 0:17:04]} Ne6
{[%clk 0:05:49]} 35. Rc8 {[%clk 0:14:42]} Rxc8 {[%clk 0:02:47]} 36. Qxc8+
{[%clk 0:15:11]} Rd8 {[%clk 0:03:15]} 37. Qb7 {[%clk 0:15:20]} Bf6
{[%clk 0:01:58]} 38. f4 {[%clk 0:13:25]} Rd1+ {[%clk 0:01:56]} 39. Kh2
{[%clk 0:13:52]} Rd2 {[%clk 0:02:05]} 40. Qa8+ {[%clk 0:42:59]} Rd8
{[%clk 0:32:26]} 41. Qc6 {[%clk 0:41:43]} Be7 {[%clk 0:28:16]} 42. Bd5
{[%clk 0:40:08]} Rd6 {[%clk 0:28:37]} 43. Qa8+ {[%clk 0:28:12]} Bf8
{[%clk 0:28:42]} 44. Bxe6 {[%clk 0:26:08]} Rxe6 1/2-1/2

[Event "WCO 2016"]
[Site "?"]
[Date "2016.09.11"]
[Round "9"]
[Board "18"]
[WhiteID "14918781"]
[White "Repka Christopher"]
[BlackID "4500547"]
[Black "Seeman Tarvo"]
[Result "0-1"]
[BlackElo "2407"]
[WhiteElo "2486"]
[LiveChessVersion "1.4.8"]

1. d4 {[%clk 1:30:58]} Nf6 {[%clk 1:30:51]} 2. Nf3 {[%clk 1:31:24]} g6
{[%clk 1:31:06]} 3. c4 {[%clk 1:31:50]} Bg7 {[%clk 1:31:14]} 4. Nc3
{[%clk 1:32:17]} d6 {[%clk 1:30:50]} 5. e4 {[%clk 1:32:17]} O-O {[%clk 1:30:06]}
6. h3 {[%clk 1:32:45]} e5 {[%clk 1:27:59]} 7. d5 {[%clk 1:33:10]} a5
{[%clk 1:28:11]} 8. Bg5 {[%clk 1:33:37]} Na6 {[%clk 1:28:13]} 9. Nd2
{[%clk 1:34:03]} Bd7 {[%clk 1:19:19]} 10. Be2 {[%clk 1:34:21]} Nc5
{[%clk 1:12:08]} 11. g4 {[%clk 1:33:44]} c6 {[%clk 1:04:57]} 12. h4
{[%clk 1:34:10]} a4 {[%clk 0:57:31]} 13. Kf1 {[%clk 1:30:10]} cxd5
{[%clk 0:48:21]} 14. cxd5 {[%clk 1:30:12]} b5 {[%clk 0:37:32]} 15. a3
{[%clk 1:27:01]} Qb8 {[%clk 0:35:55]} 16. f3 {[%clk 1:21:25]} b4 {[%clk 0:22:51]}
17. Na2 {[%clk 1:21:23]} bxa3 {[%clk 0:20:53]} 18. bxa3 {[%clk 1:21:46]} h5
{[%clk 0:15:16]} 19. Rb1 {[%clk 1:17:19]} Nb3 {[%clk 0:11:55]} 20. Nxb3
{[%clk 1:11:14]} axb3 {[%clk 0:12:21]} 21. Rxb3 {[%clk 1:11:31]} Qe8
{[%clk 0:12:30]} 22. Nc3 {[%clk 1:00:42]} hxg4 {[%clk 0:12:50]} 23. fxg4
{[%clk 0:55:49]} Nh7 {[%clk 0:12:33]} 24. Be3 {[%clk 0:51:14]} f5
{[%clk 0:12:21]} 25. Kg2 {[%clk 0:44:44]} fxg4 {[%clk 0:11:38]} 26. Rb6
{[%clk 0:38:31]} Nf6 {[%clk 0:11:16]} 27. a4 {[%clk 0:24:33]} Bxa4
{[%clk 0:09:12]} 28. Qb1 {[%clk 0:20:41]} Nh5 {[%clk 0:06:20]} 29. Bxg4
{[%clk 0:20:32]} Bd7 {[%clk 0:06:18]} 30. Bxh5 {[%clk 0:09:55]} gxh5
{[%clk 0:06:47]} 31. Rf1 {[%clk 0:09:23]} Rxf1 {[%clk 0:06:35]} 32. Qxf1
{[%clk 0:09:17]} Qc8 {[%clk 0:06:09]} 33. Qe1 {[%clk 0:08:04]} Ra3
{[%clk 0:04:46]} 34. Bd2 {[%clk 0:08:33]} Qc7 {[%clk 0:03:27]} 35. Qe3
{[%clk 0:07:20]} Kh7 {[%clk 0:02:50]} 36. Kh2 {[%clk 0:05:50]} Be8
{[%clk 0:02:10]} 37. Rb1 {[%clk 0:05:56]} Qf7 {[%clk 0:01:34]} 38. Qe2
{[%clk 0:04:06]} Bd7 {[%clk 0:01:21]} 39. Rf1 {[%clk 0:01:54]} Qg6
{[%clk 0:01:40]} 40. Qe3 {[%clk 0:31:23]} Bf6 {[%clk 0:30:43]} 41. Qf3
{[%clk 0:27:19]} Bg7 {[%clk 0:29:37]} 42. Qg2 {[%clk 0:17:36]} Bg4
{[%clk 0:29:20]} 43. Qf2 {[%clk 0:17:46]} Rb3 {[%clk 0:24:58]} 44. Qe3
{[%clk 0:14:47]} Bc8 {[%clk 0:19:00]} 45. Qg1 {[%clk 0:10:38]} Qe8
{[%clk 0:13:46]} 46. Qg5 {[%clk 0:09:33]} Bg4 {[%clk 0:13:28]} 47. Rf2
{[%clk 0:08:36]} Qd7 {[%clk 0:12:44]} 48. Qe3 {[%clk 0:05:56]} Qe7
{[%clk 0:12:12]} 49. Qg5 {[%clk 0:05:48]} Qxg5 {[%clk 0:11:38]} 50. hxg5
{[%clk 0:06:09]} h4 {[%clk 0:11:58]} 51. Rg2 {[%clk 0:04:45]} Bd7
{[%clk 0:11:09]} 52. g6+ {[%clk 0:03:12]} Kg8 {[%clk 0:11:35]} 53. Nd1
{[%clk 0:03:06]} Rh3+ {[%clk 0:09:17]} 54. Kg1 {[%clk 0:03:35]} Rd3
{[%clk 0:09:11]} 55. Ne3 {[%clk 0:02:46]} Bh6 {[%clk 0:07:08]} 56. Nc4
{[%clk 0:01:23]} h3 {[%clk 0:03:47]} 57. Bxh6 {[%clk 0:01:51]} hxg2
{[%clk 0:02:54]} 58. Kxg2 {[%clk 0:02:19]} Be8 {[%clk 0:02:14]} 59. g7
{[%clk 0:02:42]} Bg6 {[%clk 0:02:12]} 60. Nxd6 {[%clk 0:03:10]} Kh7
{[%clk 0:01:59]} 61. Nc8 {[%clk 0:01:07]} Bxe4+ {[%clk 0:02:13]} 62. Kf2
{[%clk 0:01:35]} Bxd5 {[%clk 0:02:23]} 63. Be3 {[%clk 0:01:03]} Kxg7
{[%clk 0:02:37]} 64. Nb6 {[%clk 0:01:28]} Bb3 {[%clk 0:02:10]} 65. Ke2
{[%clk 0:01:54]} Rd8 {[%clk 0:01:50]} 66. Bg5 {[%clk 0:02:15]} Rd6
{[%clk 0:01:43]} 67. Nc8 {[%clk 0:02:35]} Rg6 {[%clk 0:01:55]} 68. Bh4
{[%clk 0:02:49]} Kf7 {[%clk 0:02:09]} 69. Ne7 {[%clk 0:03:17]} Rg4
{[%clk 0:01:54]} 70. Nf5 {[%clk 0:03:30]} Ke6 {[%clk 0:02:14]} 0-1

[Event "WCO 2016"]
[Site "?"]
[Date "2016.09.11"]
[Round "9"]
[Board "19"]
[WhiteID "4500563"]
[White "Shishkov Andrei"]
[BlackID "14907518"]
[Black "Jurcik Marian"]
[Result "1/2-1/2"]
[BlackElo "2484"]
[WhiteElo "2368"]
[LiveChessVersion "1.4.8"]

1. d4 {[%clk 1:30:59]} Nf6 {[%clk 1:30:55]} 2. c4 {[%clk 1:31:25]} g6
{[%clk 1:30:51]} 3. Nc3 {[%clk 1:31:51]} Bg7 {[%clk 1:31:16]} 4. e4
{[%clk 1:32:17]} d6 {[%clk 1:31:23]} 5. f3 {[%clk 1:32:41]} O-O {[%clk 1:31:47]}
6. Be3 {[%clk 1:33:08]} c5 {[%clk 1:31:42]} 7. dxc5 {[%clk 1:33:07]} dxc5
{[%clk 1:32:03]} 8. Qxd8 {[%clk 1:33:34]} Rxd8 {[%clk 1:32:23]} 9. Bxc5
{[%clk 1:34:02]} Nc6 {[%clk 1:32:39]} 10. Nge2 {[%clk 1:34:11]} b6
{[%clk 1:32:54]} 11. Ba3 {[%clk 1:34:18]} Ba6 {[%clk 1:33:12]} 12. Nb5
{[%clk 0:56:06]} Rd7 {[%clk 1:33:31]} 13. Rd1 {[%clk 0:41:33]} Rad8
{[%clk 1:32:45]} 14. Rxd7 {[%clk 0:30:45]} Nxd7 {[%clk 1:12:39]} 15. Nf4
{[%clk 0:27:11]} Nc5 {[%clk 0:59:15]} 16. Be2 {[%clk 0:23:33]} Be5
{[%clk 0:28:57]} 17. g3 {[%clk 0:15:10]} g5 {[%clk 0:19:59]} 18. Nh3
{[%clk 0:09:43]} g4 {[%clk 0:15:24]} 19. fxg4 {[%clk 0:09:42]} Bb7
{[%clk 0:15:32]} 20. Nf2 {[%clk 0:08:08]} a6 {[%clk 0:14:26]} 21. Nc3
{[%clk 0:08:05]} Bd4 {[%clk 0:12:20]} 22. O-O {[%clk 0:03:56]} Ne5
{[%clk 0:12:13]} 23. Rd1 {[%clk 0:03:19]} Ncd3 {[%clk 0:05:13]} 24. Bxd3
{[%clk 0:02:20]} Nxd3 {[%clk 0:04:44]} 25. Nd5 {[%clk 0:02:32]} Bxf2+
{[%clk 0:02:37]} 26. Kf1 {[%clk 0:03:01]} Bxd5 {[%clk 0:01:48]} 27. exd5
{[%clk 0:02:51]} Nxb2 {[%clk 0:00:34]} 28. Bxb2 {[%clk 0:03:15]} Bc5
{[%clk 0:00:57]} 29. Ke2 {[%clk 0:02:55]} e6 {[%clk 0:00:33]} 30. Bf6
{[%clk 0:02:43]} Rd7 {[%clk 0:00:32]} 31. g5 {[%clk 0:02:42]} Kf8
{[%clk 0:00:37]} 32. a4 {[%clk 0:02:08]} Ke8 {[%clk 0:00:38]} 33. h4
{[%clk 0:02:14]} exd5 {[%clk 0:00:35]} 34. cxd5 {[%clk 0:02:36]} Bd6
{[%clk 0:00:36]} 35. Kf3 {[%clk 0:01:58]} Rc7 {[%clk 0:00:37]} 36. Rb1
{[%clk 0:02:19]} Bc5 {[%clk 0:00:46]} 37. Ke4 {[%clk 0:02:11]} Bf2
{[%clk 0:00:39]} 38. Be5 {[%clk 0:00:42]} Rc4+ {[%clk 0:00:36]} 39. Kf3
{[%clk 0:00:39]} Bc5 {[%clk 0:00:54]} 40. a5 {[%clk 0:30:55]} b5 {[%clk 0:31:04]}
41. Re1 {[%clk 0:22:50]} Kd7 {[%clk 0:29:59]} 42. Re4 {[%clk 0:20:45]} Bb4
{[%clk 0:21:56]} 43. Rf4 {[%clk 0:13:24]} Rxf4+ {[%clk 0:22:05]} 44. gxf4
{[%clk 0:12:20]} Bxa5 {[%clk 0:22:25]} 45. f5 {[%clk 0:12:05]} Bd2
{[%clk 0:16:11]} 46. Ke2 {[%clk 0:11:50]} Bc1 {[%clk 0:16:31]} 47. Kd1
{[%clk 0:11:47]} Be3 {[%clk 0:16:54]} 48. Ke2 {[%clk 0:11:59]} Bc1
{[%clk 0:17:17]} 49. Kd1 {[%clk 0:12:18]} Be3 {[%clk 0:17:37]} 1/2-1/2

[Event "WCO 2016"]
[Site "?"]
[Date "2016.09.11"]
[Round "9"]
[Board "20"]
[WhiteID "14901625"]
[White "Petrik Tomas"]
[BlackID "4502078"]
[Black "Jezov Roman"]
[Result "1/2-1/2"]
[BlackElo "2283"]
[WhiteElo "2464"]
[LiveChessVersion "1.4.8"]

1. e4 {[%clk 1:30:52]} e5 {[%clk 1:30:44]} 2. Nf3 {[%clk 1:31:09]} Nc6
{[%clk 1:31:08]} 3. Bb5 {[%clk 1:31:20]} a6 {[%clk 1:31:32]} 4. Ba4
{[%clk 1:29:15]} d6 {[%clk 1:31:55]} 5. c3 {[%clk 1:28:12]} f5 {[%clk 1:32:16]}
6. exf5 {[%clk 0:55:07]} Bxf5 {[%clk 1:32:34]} 7. O-O {[%clk 0:54:40]} Bd3
{[%clk 1:32:52]} 8. Re1 {[%clk 0:54:09]} Be7 {[%clk 1:33:17]} 9. Bc2
{[%clk 0:42:25]} Bxc2 {[%clk 1:33:25]} 10. Qxc2 {[%clk 0:42:49]} Nf6
{[%clk 1:33:14]} 11. d4 {[%clk 0:42:06]} e4 {[%clk 1:33:29]} 12. Ng5
{[%clk 0:37:41]} d5 {[%clk 1:33:35]} 13. f3 {[%clk 0:36:22]} h6 {[%clk 1:31:08]}
14. Nh3 {[%clk 0:34:55]} O-O {[%clk 1:30:36]} 15. Nd2 {[%clk 0:34:19]} exf3
{[%clk 1:30:48]} 16. Nxf3 {[%clk 0:34:39]} Bd6 {[%clk 1:23:28]} 17. Bf4
{[%clk 0:20:12]} Ne4 {[%clk 1:21:05]} 18. Bxd6 {[%clk 0:18:36]} Qxd6
{[%clk 1:18:40]} 19. Nf2 {[%clk 0:18:57]} Nxf2 {[%clk 1:14:40]} 20. Qxf2
{[%clk 0:19:21]} Qg6 {[%clk 1:10:22]} 21. Re2 {[%clk 0:17:43]} Rae8
{[%clk 1:06:01]} 22. Rae1 {[%clk 0:17:54]} Re4 {[%clk 1:05:47]} 23. Re3
{[%clk 0:12:15]} Rfe8 {[%clk 1:04:22]} 24. Qc2 {[%clk 0:11:20]} Qg4
{[%clk 1:04:32]} 25. Rxe4 {[%clk 0:06:31]} Rxe4 {[%clk 1:04:46]} 26. Qf2
{[%clk 0:02:10]} Qf5 {[%clk 1:01:18]} 27. h3 {[%clk 0:02:18]} Rxe1+
{[%clk 0:58:55]} 28. Qxe1 {[%clk 0:02:44]} Kh7 {[%clk 0:58:41]} 29. Kh2
{[%clk 0:02:02]} Qf4+ {[%clk 0:56:02]} 30. Qg3 {[%clk 0:02:24]} Qxg3+
{[%clk 0:56:00]} 31. Kxg3 {[%clk 0:02:52]} Kg6 {[%clk 0:56:21]} 32. Kf4
{[%clk 0:02:47]} Kf6 {[%clk 0:56:45]} 33. h4 {[%clk 0:02:18]} Ne7
{[%clk 0:52:08]} 34. h5 {[%clk 0:01:59]} g5+ {[%clk 0:52:35]} 35. hxg6
{[%clk 0:01:49]} Nxg6+ {[%clk 0:53:01]} 36. Kg4 {[%clk 0:00:39]} h5+
{[%clk 0:53:28]} 37. Kg3 {[%clk 0:00:58]} Kf5 {[%clk 0:48:39]} 38. Nh4+
{[%clk 0:01:09]} Nxh4 {[%clk 0:49:03]} 39. Kxh4 {[%clk 0:01:34]} Kg6
{[%clk 0:49:27]} 40. b4 {[%clk 0:30:39]} Kh6 {[%clk 1:18:49]} 41. a4
{[%clk 0:26:44]} b5 {[%clk 1:18:57]} 42. a5 {[%clk 0:26:33]} Kg6 {[%clk 1:19:19]}
43. g4 {[%clk 0:26:12]} hxg4 {[%clk 1:19:44]} 44. Kxg4 {[%clk 0:26:38]} c6
{[%clk 1:20:08]} 45. Kf4 {[%clk 0:27:03]} Kf6 {[%clk 1:20:33]} 46. Kg4
{[%clk 0:27:27]} Kg6 {[%clk 1:20:58]} 47. Kf4 {[%clk 0:27:42]} Kf6
{[%clk 1:21:23]} 48. Kg4 {[%clk 0:27:35]} 1/2-1/2

[Event "WCO 2016"]
[Site "?"]
[Date "2016.09.11"]
[Round "9"]
[Board "17"]
[WhiteID "14508150"]
[White "Saric Ivan"]
[BlackID "10200649"]
[Black "Hossain Enamul"]
[Result "1/2-1/2"]
[BlackElo "2431"]
[WhiteElo "2668"]
[LiveChessVersion "1.4.8"]

1. e4 {[%clk 1:30:57]} c5 {[%clk 1:30:47]} 2. Nf3 {[%clk 1:31:23]} e6
{[%clk 1:31:08]} 3. d4 {[%clk 1:31:48]} cxd4 {[%clk 1:31:31]} 4. Nxd4
{[%clk 1:32:13]} Nc6 {[%clk 1:31:52]} 5. Nc3 {[%clk 1:32:40]} Qc7
{[%clk 1:32:12]} 6. Be3 {[%clk 1:32:52]} a6 {[%clk 1:32:32]} 7. Qf3
{[%clk 1:33:15]} Nf6 {[%clk 1:32:11]} 8. O-O-O {[%clk 1:33:35]} Nxd4
{[%clk 1:32:11]} 9. Bxd4 {[%clk 1:33:49]} e5 {[%clk 1:32:33]} 10. Be3
{[%clk 1:34:16]} d6 {[%clk 1:32:56]} 11. h3 {[%clk 1:33:57]} b5 {[%clk 1:33:02]}
12. a3 {[%clk 1:33:52]} Be6 {[%clk 1:29:13]} 13. g4 {[%clk 1:33:13]} Rc8
{[%clk 1:23:51]} 14. g5 {[%clk 1:32:16]} Nd7 {[%clk 1:24:11]} 15. h4 Nc5
{[%clk 1:05:05]} 16. Bxc5 {[%clk 1:16:18]} Qxc5 {[%clk 1:05:08]} 17. Kb1
{[%clk 1:08:13]} Be7 {[%clk 0:59:05]} 18. Bh3 {[%clk 0:49:55]} a5
{[%clk 0:55:40]} 19. Qd3 {[%clk 0:22:43]} b4 {[%clk 0:43:36]} 20. axb4
{[%clk 0:21:32]} axb4 {[%clk 0:43:53]} 21. Na4 {[%clk 0:21:43]} Qc6
{[%clk 0:40:43]} 22. b3 {[%clk 0:22:05]} O-O {[%clk 0:39:45]} 23. Rd2
{[%clk 0:21:38]} Rc7 {[%clk 0:37:18]} 24. Re1 {[%clk 0:20:51]} Bxh3
{[%clk 0:32:43]} 25. Qxh3 {[%clk 0:21:17]} Ra8 {[%clk 0:32:57]} 26. Qd3
{[%clk 0:19:47]} Ra5 {[%clk 0:31:42]} 27. Rc1 {[%clk 0:18:43]} Qa8
{[%clk 0:30:17]} 28. c4 {[%clk 0:17:16]} bxc3 {[%clk 0:27:18]} 29. Rxc3
{[%clk 0:17:42]} Rxc3 {[%clk 0:21:44]} 30. Nxc3 {[%clk 0:18:00]} d5
{[%clk 0:16:32]} 31. Ra2 {[%clk 0:18:24]} Rxa2 {[%clk 0:15:50]} 32. Nxa2
{[%clk 0:18:50]} dxe4 {[%clk 0:16:00]} 33. Qc4 {[%clk 0:19:01]} e3
{[%clk 0:10:44]} 34. fxe3 {[%clk 0:19:28]} Qh1+ {[%clk 0:11:07]} 35. Nc1
{[%clk 0:16:50]} Ba3 {[%clk 0:10:37]} 36. b4 {[%clk 0:11:00]} g6 {[%clk 0:10:47]}
37. b5 {[%clk 0:08:47]} Qg2 {[%clk 0:01:26]} 38. Qc8+ {[%clk 0:04:46]} Kg7
{[%clk 0:01:50]} 39. Qc3 {[%clk 0:05:06]} Qe4+ {[%clk 0:01:05]} 40. Qd3
{[%clk 0:33:38]} Qb4+ {[%clk 0:30:42]} 41. Nb3 {[%clk 0:30:43]} Qxh4
{[%clk 0:28:31]} 42. Nd2 {[%clk 0:28:23]} Bc5 {[%clk 0:23:47]} 43. Nc4
{[%clk 0:21:32]} Qxg5 {[%clk 0:21:52]} 44. b6 {[%clk 0:21:49]} Qe7
{[%clk 0:21:02]} 45. Qe4 {[%clk 0:20:59]} h5 {[%clk 0:09:31]} 46. b7
{[%clk 0:21:01]} Ba7 {[%clk 0:09:18]} 47. Qc6 {[%clk 0:18:06]} h4
{[%clk 0:08:17]} 48. Kc2 {[%clk 0:05:31]} h3 {[%clk 0:08:09]} 49. Nd6
{[%clk 0:03:57]} h2 {[%clk 0:04:00]} 50. Nc8 {[%clk 0:04:23]} Qa3
{[%clk 0:03:10]} 51. Nxa7 {[%clk 0:04:50]} Qa2+ {[%clk 0:02:43]} 52. Kc3
{[%clk 0:04:44]} Qxa7 {[%clk 0:02:52]} 53. Kb2 {[%clk 0:04:22]} g5
{[%clk 0:02:04]} 54. Qg2 {[%clk 0:04:02]} Qb6+ {[%clk 0:02:20]} 55. Ka2
{[%clk 0:04:27]} f6 {[%clk 0:02:10]} 56. Qd5 {[%clk 0:04:33]} Qc7
{[%clk 0:01:39]} 57. Kb2 {[%clk 0:03:21]} Qf7 {[%clk 0:01:16]} 58. Qc6
{[%clk 0:03:25]} Qf8 {[%clk 0:01:26]} 59. Qc7+ {[%clk 0:03:18]} Qf7
{[%clk 0:00:52]} 60. Qc6 {[%clk 0:03:41]} Qg8 {[%clk 0:00:41]} 61. Qc7+
{[%clk 0:03:09]} Kh8 {[%clk 0:01:09]} 62. Qc6 {[%clk 0:03:13]} Kg7
{[%clk 0:00:38]} 63. Qc7+ {[%clk 0:03:36]} Qf7 {[%clk 0:00:39]} 64. Qc6 1/2-1/2